zpět

Detail výsledku týmu

Pórajt pub, Plzeň

Datum a čas kvízu

35.5 Celkem bodů Celkový počet nahraných bodů na tomto kvízu bez doplňovacích otázek.
2. Pořadí na kvízu Konečné umístění týmu na tomto kvízu.

Zaznamenané odpovědi

# Otázka Odpověď Body Výsledky
1. V pátek obdržel jeden muž res... Petr Kellner 1
2. Minulý týden vyhlásil první st... Dánsko 1
3. Pamatujete si ještě na šílenst... Jiřina Bohdalová 1
4. V jednom českém městě začal v... Litoměřice 1
5. Obě senzační finalistky ženské... Emma Raducanu, Leylah Fernandez 0
6. V tomto tématu se vypravíme na... Tuaregové/Touaregové 1
7. Na obrázku je hlodavec žijící... pískomil 0
8. Pouští a pralesem je dobrodruž... Henryk Sienkiewicz 0
9. Rozsáhlá pouštní oblast rozklá... Čivavská poušť (Chihuahuan Desert) 1
10. Adénium ztloustlé je sukulent... pouštní růže 1